<?xml version="1.0" encoding="UTF-8"?>
<record
    xmlns:xsi="http://www.w3.org/2001/XMLSchema-instance"
    xsi:schemaLocation="http://www.loc.gov/MARC21/slim http://www.loc.gov/standards/marcxml/schema/MARC21slim.xsd"
    xmlns="http://www.loc.gov/MARC21/slim">

  <leader>00715cam a22002171  4500</leader>
  <controlfield tag="001">ne 68002610 </controlfield>
  <controlfield tag="003">DLC</controlfield>
  <controlfield tag="005">20260227111844.0</controlfield>
  <controlfield tag="008">880412m19439999ii            000 0 ara  </controlfield>
  <datafield tag="010" ind1=" " ind2=" ">
    <subfield code="a">ne 68002610 </subfield>
  </datafield>
  <datafield tag="035" ind1=" " ind2=" ">
    <subfield code="a">(OCoLC)17782924</subfield>
  </datafield>
  <datafield tag="040" ind1=" " ind2=" ">
    <subfield code="a">DLC</subfield>
    <subfield code="c">WaU</subfield>
    <subfield code="d">WaU</subfield>
    <subfield code="d">DLC</subfield>
  </datafield>
  <datafield tag="042" ind1=" " ind2=" ">
    <subfield code="a">premarc</subfield>
  </datafield>
  <datafield tag="050" ind1="0" ind2="0">
    <subfield code="a">BP135.A2</subfield>
    <subfield code="b">I8</subfield>
  </datafield>
  <datafield tag="100" ind1="1" ind2=" ">
    <subfield code="a">Isfar&#x101;&#x2BC;&#x12B;n&#x12B;, Ab&#x16B; &#x2BB;Aw&#x101;nah Ya&#x2BB;q&#x16B;b ibn Is&#x1E25;&#x101;q,</subfield>
    <subfield code="d">-928 or 929.</subfield>
  </datafield>
  <datafield tag="245" ind1="1" ind2="3">
    <subfield code="a">al-Musnad,</subfield>
    <subfield code="c">li-Ab&#x12B; &#x2BB;Aw&#x101;nah Ya&#x2BB;q&#x16B;b ibn Is&#x1E25;&#x101;q al-Isfar&#x101;&#x2BC;in&#x12B;.</subfield>
  </datafield>
  <datafield tag="260" ind1=" " ind2=" ">
    <subfield code="a">&#x1E24;aydar&#x101;b&#x101;d al-Dakkan,</subfield>
    <subfield code="b">Ma&#x1E6D;ba&#x2BB;at Jam&#x2BB;&#x12B;yat D&#x101;&#x2BC;irat al-Ma&#x2BB;&#x101;rif al-&#x2BB;Uthm&#x101;n&#x12B;yah</subfield>
    <subfield code="c">1362-    [1943-</subfield>
  </datafield>
  <datafield tag="300" ind1=" " ind2=" ">
    <subfield code="a">v.</subfield>
    <subfield code="c">26 cm.</subfield>
  </datafield>
  <datafield tag="504" ind1=" " ind2=" ">
    <subfield code="a">Bibliographical footnotes.</subfield>
  </datafield>
  <datafield tag="650" ind1=" " ind2="0">
    <subfield code="a">Hadith.</subfield>
  </datafield>
  <datafield tag="999" ind1=" " ind2=" ">
    <subfield code="c">50565</subfield>
    <subfield code="d">50565</subfield>
  </datafield>
</record>
